Logo BPK

Biblioteka

Politechniki Koszalińskiej

Wärmebehandlung von Werzeugen und Bauteilen : (Rekord nr 9061)

Szczegóły MARC
000 -ETYKIETA REKORDU
podpole kontrolne o stałej długości 00473nam a2200169 i 4500
001 - NUMER KONTROLNY REKORDU
pole kontrolne bg
040 ## - ŹRÓDŁO KATALOGOWANIA
Instytucja, która utworzyła rekord BPK
041 ## - KOD JĘZYKA
Kod języka tekstu pol
080 ## - UNIWERSALNA KLASYFIKACJA DZIESIĘTNA - UKD
UKD 620.19
008 - POLE O STAŁEJ DŁUGOŚCI - DANE KONTROLNE
podpole kontrolne o stałej długości s pl f |000 0 pol
100 1# - NAZWA OSOBOWA
Nazwa osobowa FINNERN, B.
245 #0 - TYTUŁ/ODPOWIEDZIALNOŚĆ
Tytuł Wärmebehandlung von Werzeugen und Bauteilen :
Ciąg dalszy tytułu Erkennen und Vermeiden von Fehlern /
Pozostałe elementy strefy tytułu i oznaczenia odpowiedzialności B. Finnern, R. Jönsson.
260 ## - STREFA ADRESU WYDAWNICZEGO
Miejsce wydania Berlin :
Nazwa wydawcy/dystrybutora VEB Velag Technik,
Data publikacji, dystrybucji/powstania dokumentu 1969.
300 ## - STREFA OPISU FIZYCZNEGO
Objętość 136 s. :
Inne cechy fizyczne ilustr.
700 1# - HASŁO DODATKOWE - NAZWA OSOBOWA
Nazwa osobowa JÖNSSON, R.
856 ## - LOKALIZACJA I DOSTĘP DO ELEKTRONICZNYCH DOKUMENTÓW ZDALNYCH
Link (URL) http://koha.tu.koszalin.pl/cgi-bin/koha/opac-detail.pl?biblionumber=9061
Tekst linku Katalog online BPK
942 ## - DODATKOWE ELEMENTY (KOHA)
Typ dokumentu Książka
Egzemplarze
Wycofany Status egzemplarza Uszkodzony Dostępność Lokalizacja stała Lokalizacja bieżąca Miejsce przechowywania Sygnatura Kod kreskowy Typ dokumentu
      Dostępny Biblioteka Politechniki Koszalińskiej Biblioteka Politechniki Koszalińskiej Wypożyczalnia BG 8984 01774146 Książka
© 2023 Biblioteka Politechniki Koszalińskiej :: KOHA